| 000 | 00514nam a2200193 u 4500 | ||
|---|---|---|---|
| 005 | 20240210063604.0 | ||
| 008 | 080605s2000 mx r 000 0 spa d | ||
| 020 | _a9684991452 | ||
| 035 | _aUPN01000156618 | ||
| 049 | _aI | ||
| 050 | 4 |
_aPN6375 _bC3.2 2000 |
|
| 100 | 1 | _aCaballero Arroyo, María del Socorro | |
| 245 | 1 | 0 |
_aAdivinanzas / _cMa. del Socorro Caballero A. |
| 250 | _a3a ed. | ||
| 260 |
_aMéxico : _bTipografías, _c2000. |
||
| 300 | _a192 p. | ||
| 650 | 4 |
_aAdivinanzas _9114 |
|
| 905 | _aInfantil | ||
| 999 |
_c128732 _d128732 |
||